| 000 | 01677nam a2200325 a 4500 | ||
|---|---|---|---|
| 001 | BRCA_5183 | ||
| 005 | 20190320204956.0 | ||
| 008 | 241110s1827----mx-#######---#000-0#spa-# | ||
| 041 | _aspa | ||
| 044 | _amx | ||
| 084 |
_aDOC142 _b.D44 _c1827 |
||
| 100 | 1 |
_aDehueugreville, Teresa _cMadame _913257 |
|
| 245 | 1 | 0 |
_aDocumento expedido por Madame Teresa Dehueugreville _cMadame Teresa Dehueugreville, Monsieur Nevremont, Francisco Nepomuceno Batres y Nagera. |
| 260 |
_aMéxico _c1827 |
||
| 300 |
_a[19] fojas _c32 x 22 cm |
||
| 500 | _aDocumento expedido en 1827 | ||
| 500 | _aQueja por parte de Madame Teresa Dehueugreville, esposa de Monsieur Barthelmy en contra de Monsieur Nevremont, por insultos contra la dignidad de la primera, ante el C. Francisco Nepomuceno Batres y Nagera, Alcalde Constitucional de esta capital | ||
| 500 | _aEl documento contiene la leyenda DOC. #310 | ||
| 500 | _aPapel con marca de agua | ||
| 500 | _aEn la parte superior sello con escudo nacional e inscripción que dice: SELLO TERCERO. DOS REALES. PARA LOS AÑOS DE MIL OCHOCIENTOS VEINTE Y SEIS Y OCHOCIENTOS VEINTE Y SIETE | ||
| 500 | _aEstado de conservación: contiene acidez y márgenes maltratados | ||
| 506 | 0 | _aFondo reservado: para su consulta es necesario credencial de usuario y carta de motivos | |
| 546 | _aTexto en: español de principios del siglo XIX | ||
| 600 | 1 | 4 |
_aDehueugreville, Teresa _cMadame _913257 |
| 650 | 1 | 4 |
_aDocumentos legales _vImpreso con rúbricas _xHistoria _yFederalismo y centralismo, 1824-1853 _zMéxico _913258 |
| 700 | 1 |
_aMonsieur Nevremont _913259 |
|
| 700 | 1 |
_aBatres y Nagera, Francisco Nepomuceno _913260 |
|
| 902 | _aFDH | ||
| 942 |
_2lcc _cD |
||
| 999 |
_c4877 _d4877 |
||